| 000 | 00534cam a22002051i 4500 | ||
|---|---|---|---|
| 001 | he 66001457 | ||
| 003 | DLC | ||
| 005 | 20260227111441.0 | ||
| 008 | 860830s1933 pl 000 0 yid | ||
| 010 | _ahe 66001457 | ||
| 035 | _a(OCoLC)19311538 | ||
| 040 |
_aDLC _cMH _dCU _dDLC |
||
| 042 | _apremarc | ||
| 050 | 0 | 0 |
_aPJ5129.M26 _bL3 |
| 100 | 1 |
_aManger, Itzik, _d1901-1969. |
|
| 245 | 1 | 0 |
_aLamṭern in ṿinṭ : _blid un balade. |
| 260 |
_aṾarshe : _bṬurem, _c1933. |
||
| 300 |
_a142 p. ; _c19 cm. |
||
| 752 |
_aPoland _dWarsaw |
||
| 999 |
_c31908 _d31908 |
||